| 000 | 00580nam a2200217 a 4500 | ||
|---|---|---|---|
| 999 |
_c6923 _d6923 |
||
| 001 | 6923 | ||
| 003 | BD-JhCC | ||
| 005 | 20180201101406.0 | ||
| 008 | 180201s1975 bg |||| || | 001 0 eng d | ||
| 035 | _a(BD-JhCC)6923 | ||
| 040 |
_aBD-JhCC _dBD-JhCC |
||
| 041 | _aeng | ||
| 082 |
_a954.92 _bAHM 1975 |
||
| 100 | _aAhmad, Kamruddin | ||
| 245 |
_aA Socio Political History of Bengal and The Birth of Bangladesh / _cKamruddin Ahmad, |
||
| 260 |
_aDhaka : _bZahiruddin Mahmud, _c1975 |
||
| 300 |
_a415 p. : _c24 cm. |
||
| 650 | _aBangladesh | ||
| 942 |
_2ddc _cBK |
||